| 000 | 00719nam a2200241 4500 | ||
|---|---|---|---|
| 003 | OSt | ||
| 005 | 20240605012357.0 | ||
| 006 | a | ||
| 008 | 240605b |||||||| |||| 00| 0 eng d | ||
| 020 | _a9718558492 | ||
| 040 |
_aDWCL-Main lib. _cOC |
||
| 082 |
_2third edition _aFil. 152 G128p 2007 |
||
| 100 | _a152 G128p 2007. | ||
| 245 | _aPhysiological basis of human behavior / | ||
| 250 | _athird edition | ||
| 260 |
_aQuezon City, Phils. : _bKen Incorporated, _cc2007. |
||
| 300 |
_b212 pages : illustrations ; _c22 cm. |
||
| 504 | _aIncludes glossary. | ||
| 650 | _a1. Developmental psychology | ||
| 650 | _a2. Human behavior. | ||
| 700 | _aJosefina A. Gaerlan | ||
| 942 |
_2ddc _n0 _cBK - FIL _ethird edition _kFil. |
||
| 999 |
_c156 _d156 |
||